000 00457nam a22001697a 4500
003 BD-ChCU
005 20260114121628.0
008 260114b bg ||||| |||| 00| 0 ben d
040 _cBD-ChCU
082 _a511 SUA
100 _aSunko , Theodore S.
_919226
245 _aArithmetic :
_ba college approach ./
_cTheodore S. Sunko .
260 _aNew York :
_bWiley ,
_cC 1966
300 _aix , 225p
650 0 _aArithmetics .
_919227
942 _2ddc
_cBK
_n0
999 _c111035
_d111035